Načítá se...

Rare earths spectroscopy

Podrobná bibliografie
Další autoři: Jezowska-Trzebiatowska (Editor)
Médium: Printed Book
Jazyk:English
Vydáno: Philadelphia World Scientific 1985
Témata:
LEADER 00562nam a2200157 a 4500
005 20151028161934.0
008 960221s1955 dcuabcdjdbkoqu001 0deng d
003 ViArRB
082 |a 546.4  |b M5 
100 |a Jezowska-Trzebiatowska  |e Editor  |9 16523 
245 |a  Rare earths spectroscopy 
653 |a Spectroscopy-rare earths  |a Non Radiative processes in luminescent materials 
942 |c BK  |6 _ 
260 |a Philadelphia  |b World Scientific  |c 1985 
999 |c 71998  |d 71998 
952 |0 0  |1 0  |2 ddc  |4 0  |6 5464_M5  |7 0  |9 83848  |a SOS  |b SOS  |d 2010-01-19  |o 546.4 M5  |p MS004819  |r 2013-06-14  |w 2009-07-13  |y BK